000 00744cam a2200217 a 4500
020 _a1562470760
020 _a1562470752 (pbk.)
040 _cDLC
082 0 0 _a813 PLE 1998 A93 Or.
100 1 _aPorter, Connie Rose,
245 1 0 _aMeet Addy :
_ban American girl /
260 _aMiddleton, Wis. :
_bPleasant Co.,
_c1998.
300 _a69 p. :
_bcol. ill. ;
_c22 cm.
520 _aIn 1864, after her father and brother are sold to another owner, nine-year-old Addy Walker and her mother escape from their cruel life as slaves in North Carolina to freedom in Philadelphia.
650 0 _aAfrican Americans
650 1 _aAfrican Americans
650 1 _aSlavery
650 1 _aUnderground Railroad
700 1 _aTaylor, Dahl,
942 _cEK
999 _c13324
_d13324